000 00959cab a2200229 4500
001 ABS49043
008 090401t1993 xxu||||| |||| 00| 0 eng d
035 _a(Sirsi) u69621
041 _aeng
100 _aThompson, B.
245 _aNatural justice - a right to silence?
260 _c1993
350 _a0
490 _aScottish Planning and Environmental Law
_v(39) June 1993, 48-49(2)
520 _aOutlines the importance of the decision in "Narden Services v SoS Scotland", stressing the administrative nature of proceedings involving the holding of a public inquiry, making clear that the role of the decision-maker in such proceedings differs markedly from that of a judge determining an issue in a court of law.
650 _aLOCAL INQUIRIES
650 _aNARDEN SERVICES LTD V SOS SCOTLAND
650 _aTOWN AND COUNTRY PLANNING (SCOTLAND) ACT 1972
690 _aPLANNING LAW AND PRACTICE-CASE LAW
942 _n0
948 _c04/03/1997
999 _c43738
_d43738